000 00337nam a2200121Ia 4500
008 240731s9999 xx 000 0 und d
022 _a1839-2504
245 4 _aThe Australian Educational and Developmental Psychologist
260 _bTaylor & Francis
856 _uhttps://www.tandfonline.com/loi/rdvp19
942 _2ddc
942 _cTFEJ
999 _c79865
_d79865
945 _a1
_bMadushi Gamage
_c1
_dMadushi Gamage